NHL Players by Wikipedia Description - Statistics

General Stats
  • This quiz has been taken 39 times
  • The average score is 7 of 9
Answer Stats
Hint Answer % Correct
"Nicknamed "the Great One", he has been called the greatest ice hockey player ever by many sportswriters and players" Wayne Gretzky
100%
"led Pittsburgh to consecutive Stanley Cup championships in 1991 and 1992" Mario Lemieux
88%
"holds many records, including the most power play goals, most goals in away games, most overtime goals, and most goals with the same team in NHL history." Alexander Ovechkin
82%
"He is one of only two players to unanimously win the Hart Memorial Trophy (MVP)" Connor McDavid
82%
"He holds the record for most points and assists in a single season by a defenceman." Bobby Orr
79%
"He is the youngest player to date to reach 100 points in an NHL season" Sidney Crosby
79%
"became the first player in modern NHL history to score four goals in his NHL debut." Auston Matthews
76%
"set an NHL record for points in a season (95) in 1953" Gordie Howe
68%
"the first American-born player to win the Art Ross Trophy" Patrick Kane
56%
No matching quizzes found
Score Distribution
Percent of People with Each Score
Percentile by Number Answered
Your Score History
You have not taken this quiz